England Women National Football Team Opponents 1990-1999 - Statistics

General Stats
  • This quiz has been taken 5 times
  • The average score is 66 of 73
Answer Stats
Modern Confederation Year + Result Country % Correct
UEFA 1990 3-0 W Belgium
100%
UEFA 1990 1-0 W Belgium
100%
UEFA 1993 3-0 W Belgium
100%
UEFA 1994 6-0 W Belgium
100%
CONCACAF 1995 3-2 W Canada
100%
UEFA 1991 0-0 D Denmark
100%
UEFA 1991 3-3 D Denmark
100%
UEFA 1999 1-0 W Denmark
100%
UEFA 1990 0-0 D Finland
100%
UEFA 1998 3-2 L France
100%
UEFA 1999 1-0 L France
100%
UEFA 1990 4-1 L Germany
100%
UEFA 1990 2-0 L Germany
100%
UEFA 1994 4-1 L Germany
100%
UEFA 1995 2-1 L Germany
100%
UEFA 1995 3-0 L Germany
100%
UEFA 1997 6-4 L Germany
100%
UEFA 1997 3-0 L Germany
100%
UEFA 1998 1-0 L Germany
100%
UEFA 1992 4-0 W Iceland
100%
UEFA 1992 2-1 W Iceland
100%
UEFA 1994 2-1 W Iceland
100%
UEFA 1994 2-1 W Iceland
100%
UEFA 1990 4-1 L Italy
100%
UEFA 1992 3-2 L Italy
100%
UEFA 1992 3-0 L Italy
100%
UEFA 1995 1-1 D Italy
100%
UEFA 1995 1-1 D Italy
100%
UEFA 1996 2-1 L Italy
100%
UEFA 1997 2-0 L Italy
100%
UEFA 1998 2-1 L Italy
100%
UEFA 1999 4-1 L Italy
100%
UEFA 1997 1-0 W Netherlands
100%
UEFA 1998 2-1 L Netherlands
100%
UEFA 1990 2-0 L Norway
100%
UEFA 1990 0-0 D Norway
100%
UEFA 1995 2-0 L Norway
100%
UEFA 1997 4-0 L Norway
100%
UEFA 1998 2-1 L Norway
100%
UEFA 1998 2-0 L Norway
100%
UEFA 1996 5-0 W Portugal
100%
UEFA 1996 3-0 W Portugal
100%
UEFA 1993 0-0 D Spain
100%
UEFA 1994 0-0 D Spain
100%
UEFA 1996 2-1 L Spain
100%
UEFA 1996 1-1 D Spain
100%
UEFA 1995 4-0 L Sweden
100%
UEFA 1998 1-0 L Sweden
100%
UEFA 1999 3-0 W Switzerland
100%
CONCACAF 1990 3-0 L USA
100%
CONCACAF 1991 3-1 L USA
100%
CONCACAF 1997 5-0 L USA
100%
CONCACAF 1997 6-0 L USA
100%
UEFA 1995 5-0 w Croatia
75%
UEFA 1996 2-0 W Croatia
75%
UEFA 1990 4-0 W Scotland
75%
UEFA 1990 4-0 W Scotland
75%
UEFA 1991 5-0 W Scotland
75%
UEFA 1992 1-0 W Scotland
75%
UEFA 1992 2-0 W Scotland
75%
UEFA 1997 6-0 W Scotland
75%
UEFA 1997 4-0 W Scotland
75%
UEFA 1993 10-0 W Slovenia
75%
UEFA 1994 10-0 W Slovenia
75%
UEFA 1990 3-1 L West Germany
75%
CAF 1995 3-2 W Nigeria
50%
UEFA 1998 4-1 W Romania
50%
UEFA 1998 2-1 W Romania
50%
UEFA 1990 1-1 D Soviet Union
50%
UEFA 1991 2-1 W Soviet Union
50%
UEFA 1991 2-0 W Soviet Union
50%
UEFA 1991 2-0 W Soviet Union
50%
UEFA 1991 3-1 L Soviet Union
50%
No matching quizzes found
Score Distribution
Percent of People with Each Score
Percentile by Number Answered
Your Score History
You have not taken this quiz